Statistiques concernant Capitales Aléatoires de l'Amérique du Nord - Carte Quiz

Cliquez ici pour prendre le quiz!

Statistiques générales

  • Ce quiz a été pris 866 fois
  • Le résultat moyen est 5 sur 8

Réponses sur la Carte

Les réponses sont colorées sur une échelle allant du rouge au vert en fonction du pourcentage des utilisateurs qui les ont devinées à leur premier essai. Vous pouvez retrouver ces pourcentages ci-dessous.
 

Statistiques - réponses

Réponse% Correct
Washington
99%
Mexico
89%
La Havane
88%
Ottawa
88%
Panama
84%
Saint-Domingue
75%
Guatemala
73%
San Salvador
70%
Kingston
68%
Port-au-Prince
64%
San José
61%
Castries
57%
Managua
57%
Tegucigalpa
57%
Nassau
55%
Belmopan
54%
Port-d'Espagne
47%
Roseau
47%
Basseterre
44%
Saint George's
43%
Saint John's
42%
Bridgetown
39%
Kingstown
34%

Distribution des résultats

Percentile par nombre de réponses

% des personnes avec chaque résultat

Votre développement - résultats

Vous n’avez pas pris ce quiz